The hand of God and a few bright flowers : poems /

Bibliographic Details
Main Author: Olsen, William, 1954-
Format: Book
Language:English
Published: Urbana : University of Illinois Press, [1988]

MARC

Tag First Indicator Second Indicator Subfields
LEADER 00000cam a22000008a 4500
001 in00000031109
005 20151007054951.0
008 870821s1988 ilu s00010 eng
010 |a  87024507  
020 |a 0252060016 (pbk. : alk. paper) 
035 |a (OCoLC)16716110 
035 |9 AAB6787AM 
040 |a DLC  |c DLC  |d TXA  |d UtOrBLW 
049 |a TXAM  |c [A11495972] 
050 0 0 |a PS3565.L822  |b H3 1988 
082 0 |a 811/.54  |2 19 
100 1 |a Olsen, William,  |d 1954- 
245 1 4 |a The hand of God and a few bright flowers :  |b poems /  |c by William Olsen. 
263 |a 8806 
264 1 |a Urbana :  |b University of Illinois Press,  |c [1988] 
264 4 |c ©1988 
300 |a 65 pages 
336 |a text  |b txt  |2 rdacontent 
337 |a unmediated  |b n  |2 rdamedia 
338 |a volume  |b nc  |2 rdacarrier 
504 |a Bibliography: page 65. 
999 |a MARS 
999 f f |s 8d7e5aa8-3f7d-3f35-846a-230a3463ed3b  |i b6134c73-719a-368c-bcbe-50d5b4458570  |t 0 
952 f f |p ric  |a Texas A&M University  |b Rellis Campus  |c Joint Library Facility  |d Remote Storage  |t 0  |e PS3565.L822 H3 1988  |h Library of Congress classification  |i unmediated -- volume  |m A14811495972 
998 f f |a PS3565.L822 H3 1988  |t 0  |l Remote Storage